[Event "HUN-chT2 Asztalos 1213"]
[Site "Hungary"]
[Date "2012.11.04"]
[Round "3.5"]
[White "Hoflinger, Istvan"]
[Black "Misetane Burjan, Anita"]
[Result "1/2-1/2"]
[WhiteElo "1914"]
[BlackElo "2050"]
[PlyCount "59"]
[EventDate "2012.09.16"]
[EventType "team-tourn"]
[EventRounds "9"]
[EventCountry "HUN"]
[SourceTitle "EXT 2014"]
[Source "ChessBase"]
[SourceDate "2013.11.20"]
[SourceVersion "1"]
[SourceVersionDate "2013.11.20"]
[SourceQuality "1"]
[WhiteTeam "Dunaujvaros"]
[BlackTeam "Kaposvar Bastya"]
[WhiteTeamCountry "HUN"]
[BlackTeamCountry "HUN"]

1. d4 d5 2. c4 e6 3. Nf3 Nf6 4. Nc3 Be7 5. Qc2 Nc6 6. cxd5 exd5 7. e3 g6 8. a3 Bf5 9. Bd3 Bxd3 10. Qxd3 0-0 11. 0-0 Re8 12. Ne5 Bf8 13. f4 Bg7 14. Qb5 Rb8 15. h3 Nxe5 16. fxe5 c6 17. Qd3 Ne4 18. Nxe4 dxe4 19. Qxe4 f6 20. Qf3 fxe5 21. dxe5 Rxe5 22. e4 Qe7 23. Bf4 Rf8 24. Qb3+ Re6 25. Rad1 Kh8 26. Bg5 Rxf1+ 27. Rxf1 Qc5+ 28. Be3 Qe7 29. Bxa7 Rxe4 30. Qf7 1/2-1/2

[Event "HUN-chT2 Asztalos 1112"]
[Site "Hungary"]
[Date "2012.05.06"]
[Round "10.4"]
[White "Varga, Zsolt"]
[Black "Misetane Burjan, Anita"]
[Result "1/2-1/2"]
[WhiteElo "2124"]
[BlackElo "2036"]
[PlyCount "29"]
[EventDate "2011.09.25"]
[EventType "team-tourn"]
[EventRounds "11"]
[EventCountry "HUN"]
[SourceTitle "EXT 2013"]
[Source "ChessBase"]
[SourceDate "2012.11.22"]
[SourceVersion "1"]
[SourceVersionDate "2012.11.22"]
[SourceQuality "1"]
[WhiteTeam "Pecs Karmin"]
[BlackTeam "Kaposvar Bastya"]
[WhiteTeamCountry "HUN"]
[BlackTeamCountry "HUN"]

1. e4 e5 2. Nf3 Nc6 3. Bb5 a6 4. Ba4 Nf6 5. 0-0 Nxe4 6. d4 b5 7. Bb3 d5 8. dxe5 Be6 9. c3 Be7 10. Qe2 Nc5 11. Bc2 d4 12. Be4 Nxe4 13. Qxe4 Qd5 14. Qxd5 Bxd5 15. Nxd4 1/2-1/2

[Event "HUN-chT2 Asztalos 1112"]
[Site "Hungary"]
[Date "2012.01.29"]
[Round "5.4"]
[White "Misetane Burjan, Anita"]
[Black "Szaz, Ferenc"]
[Result "0-1"]
[WhiteElo "2036"]
[BlackElo "2191"]
[PlyCount "114"]
[EventDate "2011.09.25"]
[EventType "team-tourn"]
[EventRounds "11"]
[EventCountry "HUN"]
[SourceTitle "EXT 2013"]
[Source "ChessBase"]
[SourceDate "2012.11.22"]
[SourceVersion "1"]
[SourceVersionDate "2012.11.22"]
[SourceQuality "1"]
[WhiteTeam "Kaposvar Bastya"]
[BlackTeam "Komlo"]
[WhiteTeamCountry "HUN"]
[BlackTeamCountry "HUN"]

1. e4 d5 2. exd5 Nf6 3. Nc3 Nxd5 4. Nxd5 Qxd5 5. Qf3 c6 6. Qxd5 cxd5 7. d4 Nc6 8. c3 e5 9. dxe5 Nxe5 10. Bf4 Ng6 11. Be3 Bd6 12. Bb5+ Bd7 13. Bxd7+ Kxd7 14. 0-0-0 Kc6 15. Ne2 Bc5 16. Bxc5 Kxc5 17. b4+ Kc6 18. Nd4+ Kb6 19. Nf5 a5 20. Kb2 axb4 21. cxb4 Ra4 22. a3 Rha8 23. Rxd5 Rxa3 24. Rd6+ Kb5 25. Rd5+ Ka4 26. g3 Rb3+ 27. Kc2 Rc8+ 28. Rc5 Rxc5+ 29. bxc5 Rb5 30. Ra1+ Kb4 31. Nxg7 Kxc5 32. Nf5 Ne5 33. Ra8 Kb4 34. Ne3 Rc5+ 35. Kd2 Nc4+ 36. Nxc4 Kxc4 37. Ra4+ Kb3 38. Rf4 Rc7 39. Rh4 b5 40. Rxh7 b4 41. Rh8 Kb2 42. h4 Rd7+ 43. Ke3 Rb7 44. Kd2 b3 45. Rd8 Kb1 46. h5 b2 47. h6 f6 48. Ra8 Rd7+ 49. Ke2 Rh7 50. Kd2 Rxh6 51. Rb8 Rh7 52. Ke3 Rc7 53. Kd2 Rc2+ 54. Kd1 Rxf2 55. Ke1 Rg2 56. Rb6 Kc1 57. Kf1 Rc2 0-1

[Event "HUN-chT2 Asztalos 0910"]
[Site "Hungary"]
[Date "2010.02.14"]
[Round "6"]
[White "Szakacs, Daniel"]
[Black "Misetane Burjan, Anita"]
[Result "1/2-1/2"]
[WhiteElo "2133"]
[BlackElo "2012"]
[PlyCount "94"]
[EventDate "2009.11.08"]
[EventType "team-tourn"]
[EventRounds "11"]
[EventCountry "HUN"]
[SourceTitle "EXT 2011"]
[Source "ChessBase"]
[SourceDate "2010.11.26"]
[SourceVersion "1"]
[SourceVersionDate "2010.11.26"]
[SourceQuality "1"]
[WhiteTeam "Veszprem"]
[BlackTeam "Szenna Pack"]
[WhiteTeamCountry "HUN"]
[BlackTeamCountry "HUN"]

1. e4 e5 2. Nf3 Nc6 3. Bc4 Bc5 4. 0-0 Nf6 5. Nc3 d6 6. h3 0-0 7. d3 h6 8. Na4 Bb6 9. Nxb6 axb6 10. a3 Re8 11. Re1 Be6 12. Bxe6 Rxe6 13. c4 Nd7 14. Be3 Rg6 15. d4 exd4 16. Nxd4 Nxd4 17. Bxd4 Qg5 18. g3 Ne5 19. Bxe5 Qxe5 20. Qd2 Qe6 21. Kg2 Ra5 22. f4 f5 23. b4 Ra8 24. Qd3 fxe4 25. Rxe4 Qf6 26. Rae1 Qb2+ 27. R4e2 Qf6 28. Qd5+ Kh7 29. Qd3 Kh8 30. Re8+ Rxe8 31. Rxe8+ Kh7 32. f5 Rg5 33. g4 g6 34. fxg6+ Rxg6 35. Qe4 Kg7 36. Re7+ Kh8 37. Rxc7 Qb2+ 38. Kg3 Qc3+ 39. Qf3 Qe5+ 40. Kg2 Rf6 41. Rc8+ Kg7 42. Rc7+ Kh8 43. Rc8+ Kg7 44. Rc7+ Kh8 45. Qd3 Qb2+ 46. Kh1 Qc1+ 47. Kg2 Qb2+ 1/2-1/2

[Event "HUN-chT2 Charousek 0506"]
[Site "Hungary"]
[Date "2005.11.27"]
[Round "4"]
[White "Szuhai, Balazs"]
[Black "Misetane Burjan, Anita"]
[Result "1-0"]
[WhiteElo "2108"]
[BlackElo "2018"]
[PlyCount "81"]
[EventDate "2005.10.16"]
[EventType "team"]
[EventRounds "11"]
[EventCountry "HUN"]
[SourceTitle "EXT 2009"]
[Source "ChessBase"]
[SourceDate "2008.11.26"]
[SourceVersion "1"]
[SourceVersionDate "2008.11.26"]
[SourceQuality "1"]
[WhiteTeam "Decs"]
[BlackTeam "Szenna Pack"]
[WhiteTeamCountry "HUN"]
[BlackTeamCountry "HUN"]

1. d4 d5 2. c3 Nf6 3. Bf4 c5 4. e3 Nc6 5. Nf3 Qb6 6. Qb3 Bf5 7. dxc5 Qxb3 8. axb3 e5 9. Nxe5 Nxe5 10. Bxe5 Nd7 11. Bb5 Bxc5 12. b4 Be7 13. 0-0 0-0 14. Bd4 a6 15. Be2 Bxb1 16. Rfxb1 Bf6 17. Rd1 Rfd8 18. Bf3 Bxd4 19. Rxd4 Nb6 20. Ra5 Kf8 21. Bxd5 Nxd5 22. Raxd5 Rxd5 23. Rxd5 Ke7 24. Kf1 Ke6 25. Rd4 a5 26. bxa5 Rxa5 27. Ke2 Rh5 28. h3 Ra5 29. h4 h5 30. g3 g6 31. Rb4 b5 32. Kd3 Ke5 33. e4 f6 34. f4+ Kd6 35. Kd4 Kc6 36. e5 fxe5+ 37. Kxe5 Ra1 38. c4 bxc4 39. Rxc4+ Kb5 40. Rc3 Kb4 41. Rc6 1-0

[Event "HUN-chT2 Charousek 0506"]
[Site "Hungary"]
[Date "2005.11.13"]
[Round "3"]
[White "Misetane Burjan, Anita"]
[Black "Bodnar, Zoltan"]
[Result "1/2-1/2"]
[WhiteElo "2018"]
[BlackElo "2168"]
[PlyCount "44"]
[EventDate "2005.10.16"]
[EventType "team"]
[EventRounds "11"]
[EventCountry "HUN"]
[SourceTitle "EXT 2009"]
[Source "ChessBase"]
[SourceDate "2008.11.26"]
[SourceVersion "1"]
[SourceVersionDate "2008.11.26"]
[SourceQuality "1"]
[WhiteTeam "Szenna Pack"]
[BlackTeam "Keszthely"]
[WhiteTeamCountry "HUN"]
[BlackTeamCountry "HUN"]

1. e4 c5 2. Nc3 e6 3. g3 d5 4. exd5 exd5 5. d4 cxd4 6. Qxd4 Be6 7. Bg2 Nc6 8. Qa4 a6 9. Nge2 b5 10. Qf4 b4 11. Na4 Nf6 12. Nd4 Nxd4 13. Qxd4 Rc8 14. Qd3 Be7 15. Be3 Qa5 16. b3 0-0 17. 0-0 Qb5 18. Rac1 Qxd3 19. cxd3 Bf5 20. d4 Be4 21. Bh3 Rxc1 22. Rxc1 Nh5 1/2-1/2

[Event "HUN-chT2 Charousek 0304"]
[Site "Hungary"]
[Date "2004.02.08"]
[Round "7"]
[White "Misetane Burjan, Anita"]
[Black "Huszar, Richard"]
[Result "1-0"]
[WhiteElo "2046"]
[BlackElo "1820"]
[PlyCount "51"]
[EventDate "2003.09.28"]
[EventType "team"]
[EventRounds "11"]
[EventCountry "HUN"]
[SourceTitle "EXT 2005"]
[Source "ChessBase"]
[SourceDate "2004.11.15"]
[SourceVersion "1"]
[SourceVersionDate "2004.11.15"]
[SourceQuality "1"]

1. e4 e6 2. d4 d5 3. e5 c5 4. c3 Nc6 5. Nf3 Bd7 6. Bd3 Qb6 7. dxc5 Bxc5 8. 0-0 Nh6 9. Bxh6 gxh6 10. Qc2 Qc7 11. Re1 Bf8 12. Na3 a6 13. Re2 Qa5 14. Nb1 Qc7 15. Nbd2 Rc8 16. Nb3 Qb6 17. Qd2 Na5 18. Nxa5 Qxa5 19. Nd4 Qd8 20. Re3 h5 21. Rh3 h4 22. Qf4 Be7 23. Rf3 0-0 24. Qh6 f5 25. exf6 Rxf6 26. Bxh7+ 1-0

[Event "HUN-chT2 Charousek 0304"]
[Site "Hungary"]
[Date "2003.09.28"]
[Round "1"]
[White "Misetane Burjan, Anita"]
[Black "Veszpremi, Andras"]
[Result "1/2-1/2"]
[WhiteElo "2046"]
[BlackElo "1813"]
[PlyCount "103"]
[EventDate "2003.09.28"]
[EventType "team"]
[EventRounds "11"]
[EventCountry "HUN"]
[SourceTitle "EXT 2005"]
[Source "ChessBase"]
[SourceDate "2004.11.15"]
[SourceVersion "1"]
[SourceVersionDate "2004.11.15"]
[SourceQuality "1"]

1. e4 e6 2. e5 c5 3. Nf3 d5 4. exd6 Bxd6 5. d4 Nf6 6. dxc5 Bxc5 7. Qxd8+ Kxd8 8. Nc3 Nc6 9. Bg5 Ke7 10. Ne4 Bb6 11. 0-0-0 h6 12. Bh4 Bc7 13. Nxf6 gxf6 14. Bb5 Ne5 15. Nxe5 Bxe5 16. Rhe1 Bf4+ 17. Kb1 a6 18. Be2 b5 19. Bf3 Ra7 20. Rd4 Bb8 21. Red1 e5 22. R4d2 Be6 23. Be4 Rc7 24. Rd3 h5 25. h3 a5 26. Rf3 Rh6 27. Rdd3 Rd7 28. Bc6 Rxd3 29. Rxd3 b4 30. a3 Bd6 31. axb4 axb4 32. Rg3 Rg6 33. Kc1 Rxg3 34. Bxg3 f5 35. Bh4+ f6 36. Bf3 Bf7 37. Kd2 e4 38. Be2 Bf4+ 39. Kd1 Bg5 40. Bg3 f4 41. Bh2 f5 42. Ba6 h4 43. f3 e3 44. Ke2 Kd6 45. Bd3 Be6 46. Ba6 Kc5 47. Bd3 Kd4 48. Bg1 Bc4 49. c3+ bxc3 50. bxc3+ Kxc3 51. Bxc4 Kxc4 52. Bh2 1/2-1/2